|
|
|
|
| LEADER |
01772nam a2200493 a 4500 |
| 001 |
nkc20112223746 |
| 003 |
CZ PrNK |
| 005 |
20111219111435.0 |
| 007 |
ta |
| 008 |
110905s2011 xr ae e 000 0 eng |
| 015 |
|
|
|a cnb002223746
|
| 020 |
|
|
|a 978-80-01-04871-9
|q (brož.)
|
| 035 |
|
|
|a (OCoLC)773170838
|
| 040 |
|
|
|a OLA001
|b cze
|
| 072 |
|
7 |
|a 624
|x Stavební inženýrství
|2 Konspekt
|9 19
|
| 080 |
|
|
|a 699.81
|2 MRF
|
| 080 |
|
|
|a 624.01/.07
|2 MRF
|
| 080 |
|
|
|a 620.2-027.267
|2 MRF
|
| 080 |
|
|
|a 614.841:620.1
|2 MRF
|
| 080 |
|
|
|a (047.31)
|2 MRF
|
| 100 |
1 |
|
|a Wald, František,
|d 1953-
|7 jn20001227071
|4 aut
|
| 245 |
1 |
0 |
|a Design of joints to composite columns for improved fire robustness :
|b to demonstration fire test /
|c [Wald F., Jána T. and Horová K.]
|
| 260 |
|
|
|a Prague :
|b Czech Technical University,
|c 2011
|
| 300 |
|
|
|a 25 s. :
|b il., plány ;
|c 30 cm
|
| 500 |
|
|
|a 350 výt.
|
| 504 |
|
|
|a Obsahuje bibliografii
|
| 650 |
0 |
7 |
|a požární bezpečnost staveb
|7 ph159647
|2 czenas
|
| 650 |
0 |
7 |
|a stavební konstrukce
|7 ph116279
|2 czenas
|
| 650 |
0 |
7 |
|a požární odolnost
|7 ph675374
|2 czenas
|
| 650 |
0 |
7 |
|a požární zkoušky
|7 ph675377
|2 czenas
|
| 650 |
0 |
9 |
|a fire safety of buildings
|2 eczenas
|
| 650 |
0 |
9 |
|a structures
|2 eczenas
|
| 650 |
0 |
9 |
|a fire robustness
|2 eczenas
|
| 650 |
0 |
9 |
|a fire tests
|2 eczenas
|
| 655 |
|
7 |
|a výzkumné zprávy
|7 fd131869
|2 czenas
|
| 655 |
|
9 |
|a research reports
|2 eczenas
|
| 700 |
1 |
|
|a Jána, Tomáš
|7 ola2011659236
|4 aut
|
| 700 |
1 |
|
|a Cábová, Kamila
|7 ola2011659238
|4 aut
|
| 910 |
2 |
|
|a BOA001
|b 4-1271.852
|
| 928 |
9 |
|
|a České vysoké učení technické v Praze
|
| 990 |
|
|
|a BK
|
| 995 |
|
|
|a 01
|
| 991 |
|
|
|b 201109
|c NOV
|e n
|
| 996 |
6 |
|
|b 2610488172
|c 4-1271.852
|l MZK
|r Sklad / do 1 hodiny
|n 0
|p p.v.
|w 001202195
|u 000010
|a 1
|e BOA001
|j MZK50
|s P
|